000 00481nam a2200181 i 4500
001 44590
003 ES-MaACL
005 20250830101021.0
007 t|
008 030321s1898 mx ||||1| spa d
245 0 0 _aCódigo de comercio 1898.
260 _aTegucigalpa :
_b[s.n.],
_c1898 (
_fTip. Nacional)
300 _a234 p. ;
_c29 cm.
500 _aPrecede al tít.: Estado de Honduras.
710 1 _aHonduras
_94586
852 _aES-MaACL
_jF-3562
999 _c44590
_d44590